Normal view
MARC view
- SUPERVISOR RAJA AMER AZEEM
Entry Personal Name
001 - CONTROL NUMBER
- control field: 72346
003 - CONTROL NUMBER IDENTIFIER
- control field: NUST
005 - DATE AND TIME OF LATEST TRANSACTION
- control field: 20210628204759.0
008 - FIXED-LENGTH DATA ELEMENTS
- fixed length control field: 210628|| aca||aabn | a|a d
040 ## - CATALOGING SOURCE
- Original cataloging agency: NUST
- Transcribing agency: NUST
100 ## - HEADING--PERSONAL NAME
- Personal name: SUPERVISOR RAJA AMER AZEEM
670 ## - SOURCE DATA FOUND
- Source citation: Work cat.: (NUST): ABDUL WAHAB , JAWAD, ALI MOHSIN, RAJA AMER AZEEM 72345, PR-SOF-1037-DESIGN AND SIMULATION OF A ROBOTIC ARM USING BOND GRAPH TECHNIQUE, 2010
